[Event "I Open La Piazzetta"]
[Site "Casalpusterlengo ITA"]
[Date "2014.10.04"]
[Round "2"]
[White "Trifoni, Giorgio"]
[Black "Folcini, Gaddo"]
[WhiteElo "1682"]
[BlackElo "1614"]
[Result "1-0"]
[PlyCount "63"]
[EventDate "2014.10.03"]

1. Nf3 e5 2. Nxe5 Nf6 3. d4 Nc6 4. Nxc6 dxc6 5. c4 Ne4 6. Qd3 Bf5 7. Qe3 Be7 8.
Nc3 Bg5 9. Qf3 Qxd4 10. Bxg5 Nxc3 11. bxc3 Qe5 12. Qe3 Qxe3 13. Bxe3 O-O-O 14.
Bd4 Rhe8 15. e3 Be4 16. c5 f5 17. f3 Bd5 18. Kf2 g5 19. Bd3 f4 20. Bf5+ Kb8 21.
e4 Bc4 22. Rhd1 h5 23. Bf6 Rd3 24. Rxd3 Bxd3 25. Bxg5 Bc4 26. Rd1 b6 27. cxb6
axb6 28. Bxf4 Kb7 29. Rd7 Bxa2 30. Rxc7+ Ka6 31. Rxc6 Rd8 32. Be3 1-0

[Event "I Open La Piazzetta"]
[Site "Casalpusterlengo ITA"]
[Date "2014.10.04"]
[Round "3"]
[White "Bongiorni, Gabriele"]
[Black "Falsetti, Paolo"]
[WhiteElo "1800"]
[BlackElo "1886"]
[Result "1-0"]
[PlyCount "67"]
[EventDate "2014.10.03"]

1. d4 d5 2. c4 c6 3. Nf3 Nf6 4. e3 Bf5 5. Nc3 e6 6. a3 Nbd7 7. Bd3 dxc4 8. Bxc4
Bd6 9. Bd3 O-O 10. e4 Bg6 11. e5 Bxd3 12. Qxd3 Bxe5 13. dxe5 Ng4 14. Qe4 f5 15.
exf6 Ndxf6 16. Qxe6+ Kh8 17. O-O Re8 18. Qb3 Qc7 19. Bg5 Nd7 20. Bh4 Nb6 21.
Rad1 Nh6 22. Bg3 Qe7 23. h3 Nf5 24. Bh2 Qf6 25. Rfe1 Rf8 26. Qe6 Qxe6 27. Rxe6
Nc4 28. Rd7 Nxb2 29. Ne5 b5 30. Rxc6 a6 31. Rcc7 Rac8 32. g4 Rxc7 33. Rxc7 Nd6
34. Nd7 1-0

[Event "I Open La Piazzetta"]
[Site "Casalpusterlengo ITA"]
[Date "2014.10.04"]
[Round "3"]
[White "Carrai, Giacomo"]
[Black "Speciale, Francesco"]
[WhiteElo "1755"]
[BlackElo "1871"]
[Result "0-1"]
[PlyCount "98"]
[EventDate "2014.10.03"]

1. Nf3 Nf6 2. c4 g6 3. Nc3 Bg7 4. e4 d6 5. d4 Nbd7 6. Be2 c6 7. O-O O-O 8. Re1
Nh5 9. Rb1 a5 10. Be3 Nhf6 11. Qd2 Ng4 12. Bg5 c5 13. Rbd1 f6 14. Bf4 cxd4 15.
Nxd4 Nc5 16. Bg3 Ne5 17. f3 Nc6 18. Nc2 f5 19. exf5 Bxf5 20. Ne3 Bd7 21. Bf1
Nd4 22. Be2 Bc6 23. Rf1 e5 24. Ned5 Nce6 25. Bd3 Rf7 26. Be4 Qf8 27. Qd3 Nc5
28. Qb1 Rd8 29. Rde1 Bh6 30. Bf2 Nce6 31. Rd1 Kh8 32. b4 axb4 33. Nxb4 Bxe4 34.
Qxe4 Rf4 35. Qb1 Rc8 36. Nbd5 Rf7 37. Nb6 Rc6 38. Ncd5 Qd8 39. Rfe1 Qg5 40. Kh1
Qh5 41. Bg3 Nf5 42. Kg1 Nfd4 43. Qe4 Ng5 44. Bxe5+ dxe5 45. Qxe5+ Bg7 46. Qb8+
Rf8 47. Re8 Ngxf3+ 48. Kf2 Qh4+ 49. Ke3 Re6+ 0-1

[Event "I Open La Piazzetta"]
[Site "Casalpusterlengo ITA"]
[Date "2014.10.04"]
[Round "3"]
[White "Ferrari, Claudio"]
[Black "Egli, Urs"]
[WhiteElo "1948"]
[BlackElo "1957"]
[Result "1/2-1/2"]
[PlyCount "33"]
[EventDate "2014.10.03"]

1. e4 e5 2. Nf3 Nc6 3. Bc4 Nf6 4. Ng5 Bc5 5. Bxf7+ Ke7 6. Bb3 Rf8 7. d3 d6 8.
Nf3 Qe8 9. O-O Bg4 10. Be3 Nd4 11. Nbd2 Qh5 12. Bxd4 Bxd4 13. c3 Bb6 14. Qe2
Qg6 15. d4 Nh5 16. Qe3 Rf4 17. Ne1 1/2-1/2

[Event "I Open La Piazzetta"]
[Site "Casalpusterlengo ITA"]
[Date "2014.10.04"]
[Round "3"]
[White "Folcini, Gaddo"]
[Black "Scotti, Luigi"]
[WhiteElo "1614"]
[BlackElo "1443"]
[Result "1-0"]
[PlyCount "62"]
[EventDate "2014.10.03"]

1. e4 g6 2. f4 e6 3. Nf3 d6 4. d4 Bg7 5. Bb5+ Nd7 6. O-O Ne7 7. Nc3 a6 8. Ba4
b5 9. Bb3 Bb7 10. Ng5 h6 11. f5 hxg5 12. fxe6 fxe6 13. Bxg5 b4 14. Bxe6 Rf8 15.
Nd5 Bxd5 16. Bxd5 Rb8 17. Qg4 Bxd4+ 18. Kh1 Bf6 19. Bh6 Rh8 20. Bg7 Bxg7 21.
Bf7+ Kf8 22. Bxg6+ Nf6 23. Rad1 Qc8 24. Qg5 Nxg6 25. Rxf6+ Bxf6 26. Qxf6+ Ke8
27. Qxg6+ Ke7 28. Qg7+ Ke6 29. Qg6+ Ke7 30. Qg5+ Kf7 31. Rf1+ Ke6 1-0

[Event "I Open La Piazzetta"]
[Site "Casalpusterlengo ITA"]
[Date "2014.10.04"]
[Round "3"]
[White "Giuria, Abramo"]
[Black "Guasconi, Lelio"]
[WhiteElo "1714"]
[BlackElo "1618"]
[Result "1/2-1/2"]
[PlyCount "40"]
[EventDate "2014.10.03"]

1. e4 e5 2. Nf3 Nc6 3. Bc4 h6 4. a3 Bc5 5. d3 d6 6. h3 Qe7 7. Nc3 Nf6 8. Qe2 a6
9. Nd5 Nxd5 10. Bxd5 Nd4 11. Nxd4 Bxd4 12. c3 Ba7 13. Be3 c6 14. Ba2 Bxe3 15.
Qxe3 Be6 16. Bxe6 Qxe6 17. O-O O-O 18. c4 c5 19. a4 a5 20. b3 b6 1/2-1/2

[Event "I Open La Piazzetta"]
[Site "Casalpusterlengo ITA"]
[Date "2014.10.04"]
[Round "3"]
[White "Losi, Paolo"]
[Black "Bignami, Venanzio"]
[WhiteElo "1705"]
[BlackElo "1757"]
[Result "1-0"]
[PlyCount "59"]
[EventDate "2014.10.03"]

1. d4 d5 2. Nf3 c6 3. c3 e6 4. Qc2 f5 5. Bf4 Nd7 6. Nbd2 Ngf6 7. h3 g6 8. Bg5
Bg7 9. g4 fxg4 10. hxg4 O-O 11. Ne5 Qe8 12. Ndf3 Nxe5 13. Nxe5 Ne4 14. Be3 Bxe5
15. dxe5 Qf7 16. f3 Ng3 17. Rg1 Nxf1 18. Rxf1 Qc7 19. Bh6 Rf7 20. f4 Qe7 21.
Rh1 Bd7 22. O-O-O Qc5 23. Rdf1 a5 24. Bg5 b5 25. Bf6 b4 26. Qxg6+ Kf8 27. Rxh7
Rxh7 28. Qxh7 Bc8 29. Rh1 bxc3 30. Qg7+ 1-0

[Event "I Open La Piazzetta"]
[Site "Casalpusterlengo ITA"]
[Date "2014.10.04"]
[Round "3"]
[White "Marchesotti, Giovanni"]
[Black "Andolfatto, Maria"]
[WhiteElo "1462"]
[BlackElo "1715"]
[Result "0-1"]
[PlyCount "58"]
[EventDate "2014.10.03"]

1. Nf3 d5 2. g3 Nf6 3. Bg2 Bg4 4. d3 Nbd7 5. h3 Bh5 6. g4 Bg6 7. Nh4 e6 8. Nxg6
hxg6 9. Bg5 Be7 10. Nd2 Nh7 11. Bxe7 Qxe7 12. c4 c6 13. cxd5 exd5 14. Rc1 Ng5
15. f4 Ne6 16. O-O g5 17. e3 gxf4 18. exf4 O-O-O 19. Bxd5 Rxh3 20. Bg2 Rh7 21.
Qe2 Qd6 22. Qe3 Kb8 23. Nc4 Qc7 24. Ne5 Nxe5 25. Qxe5 g6 26. Qxc7+ Kxc7 27. Be4
Nd4 28. Kg2 f5 29. gxf5 gxf5 0-1

[Event "I Open La Piazzetta"]
[Site "Casalpusterlengo ITA"]
[Date "2014.10.04"]
[Round "3"]
[White "Marzatico, Luca"]
[Black "Maraschi, Alberto"]
[WhiteElo "1738"]
[BlackElo "1339"]
[Result "1-0"]
[PlyCount "55"]
[EventDate "2014.10.03"]

1. e4 c6 2. Nc3 d5 3. Nf3 dxe4 4. Nxe4 Bf5 5. Ng3 Bg6 6. h4 h6 7. Ne5 Bh7 8.
Qh5 g6 9. Bc4 Qd4 10. Bxf7+ Kd8 11. Qe2 Bg7 12. Nxg6 Bxg6 13. Bxg6 Qd5 14. Be4
Qd6 15. Nf5 Qf6 16. Nxg7 Qxg7 17. c3 Nf6 18. Bf3 Nbd7 19. d4 Re8 20. Be3 Nd5
21. O-O-O Kc7 22. Rh3 Qf6 23. Bxd5 cxd5 24. Qh5 Qg7 25. Qxd5 Rac8 26. Bf4+ e5
27. dxe5 Nxe5 28. Qd6# 1-0

[Event "I Open La Piazzetta"]
[Site "Casalpusterlengo ITA"]
[Date "2014.10.04"]
[Round "3"]
[White "Nordio, Giorgio"]
[Black "Tirelli, Mauro"]
[WhiteElo "1718"]
[BlackElo "2098"]
[Result "0-1"]
[PlyCount "77"]
[EventDate "2014.10.03"]

1. c4 b6 2. g3 Bb7 3. Nf3 Bxf3 4. exf3 c5 5. b3 Nc6 6. Bb2 e6 7. d3 Nge7 8. Bg2
Nf5 9. O-O Be7 10. Nc3 Rc8 11. Re1 h5 12. Re2 h4 13. Rd2 Kf8 14. f4 a6 15. Qg4
Nfd4 16. Ne2 hxg3 17. hxg3 f5 18. Qg6 Rh6 19. Qxh6 gxh6 20. Kh2 Bf6 21. Nxd4
Bxd4 22. Bxd4 Nxd4 23. Rh1 Qf6 24. Rdd1 Kg7 25. Rhe1 h5 26. Re3 Kf7 27. Bf3
Nxf3+ 28. Rxf3 h4 29. Kg2 b5 30. Re3 b4 31. Rd2 Qd4 32. Ree2 Rg8 33. Kh2 a5 34.
Re1 a4 35. bxa4 Ra8 36. Rde2 Rxa4 37. Rd2 Ra3 38. Kg2 Rc3 39. Red1 0-1

[Event "I Open La Piazzetta"]
[Site "Casalpusterlengo ITA"]
[Date "2014.10.04"]
[Round "3"]
[White "Raimondi, Celso"]
[Black "Trifoni, Giorgio"]
[WhiteElo "1643"]
[BlackElo "1682"]
[Result "0-1"]
[PlyCount "66"]
[EventDate "2014.10.03"]

1. d4 Nf6 2. c4 c5 3. d5 b5 4. cxb5 a6 5. b6 Qxb6 6. Nc3 d6 7. e4 Nbd7 8. Nf3
g6 9. a4 a5 10. Bb5 Bg7 11. O-O O-O 12. Bg5 Ba6 13. Re1 Bxb5 14. Nxb5 Qd8 15.
Ra2 Ng4 16. Bh4 Nge5 17. Nxd6 Nxf3+ 18. Qxf3 Ne5 19. Qd1 Qxd6 20. Bg3 Rad8 21.
b3 e6 22. Rd2 exd5 23. Rxd5 Qc7 24. f4 Nc6 25. Bf2 Nd4 26. Rxd8 Rxd8 27. e5 Qb6
28. Re3 Ne6 29. Rd3 Rxd3 30. Qxd3 Nxf4 31. Qb5 Qd8 32. h3 Bxe5 33. Qxc5 Qd1+
0-1

[Event "I Open La Piazzetta"]
[Site "Casalpusterlengo ITA"]
[Date "2014.10.04"]
[Round "3"]
[White "Tagliaferri, Valerio"]
[Black "Poletti, Guido"]
[WhiteElo "1875"]
[BlackElo "1541"]
[Result "1-0"]
[PlyCount "73"]
[EventDate "2014.10.03"]

1. d4 Nf6 2. c4 g6 3. Nc3 Bg7 4. Bg5 O-O 5. Nf3 d6 6. e3 Nc6 7. Be2 Nd7 8. Qd2
f6 9. Bh4 e5 10. d5 Ne7 11. e4 Nc5 12. b4 Na6 13. Rb1 c6 14. O-O cxd5 15. Nxd5
Nc7 16. Rfd1 Ncxd5 17. cxd5 Qd7 18. Ne1 f5 19. f3 fxe4 20. fxe4 Kh8 21. Bf2 Ng8
22. Bf3 a5 23. bxa5 Qa4 24. Bb6 Bh6 25. Qc2 Rxa5 26. Bxa5 Be3+ 27. Kh1 Qxa5 28.
Qb3 Bc5 29. Nd3 b6 30. Nxc5 bxc5 31. Qb6 Qxb6 32. Rxb6 Rd8 33. a4 Nf6 34. h3 h5
35. a5 Kh7 36. a6 Nd7 37. Rxd6 1-0

[Event "I Open La Piazzetta"]
[Site "Casalpusterlengo ITA"]
[Date "2014.10.05"]
[Round "4"]
[White "Bignami, Venanzio"]
[Black "Carrai, Giacomo"]
[WhiteElo "1757"]
[BlackElo "1755"]
[Result "0-1"]
[PlyCount "154"]
[EventDate "2014.10.03"]

1. d4 Nf6 2. c4 e6 3. Nc3 Bb4 4. Bd2 d5 5. Qa4+ Nc6 6. cxd5 exd5 7. Nf3 O-O 8.
e3 a6 9. Bd3 Re8 10. Qc2 Bd6 11. h3 Nb4 12. Qb1 Nxd3+ 13. Qxd3 c6 14. O-O Ne4
15. Rae1 Bf5 16. Qe2 Bg6 17. Nh2 Bc7 18. Nxe4 dxe4 19. f4 exf3 20. Nxf3 Qe7 21.
Nh2 Rad8 22. Bc3 Bg3 23. Rd1 Qxe3+ 24. Qxe3 Rxe3 25. Rf3 Rxf3 26. Nxf3 f6 27.
Nd2 Bf7 28. Ne4 Bc7 29. Nc5 Rb8 30. Nd7 Re8 31. Nc5 Bxa2 32. Nxb7 Re2 33. Rd2
Rxd2 34. Bxd2 Kf7 35. Nc5 Bc4 36. Kf2 f5 37. g3 a5 38. Nb7 a4 39. Nc5 Bb5 40.
Be3 Ba5 41. Nd7 Ke6 42. Nf8+ Kd5 43. Nxh7 Bb6 44. Ng5 Bxd4 45. Bxd4 Kxd4 46.
Ne6+ Kd3 47. Nxg7 Kc2 48. h4 Kxb2 49. h5 a3 50. h6 a2 51. h7 a1=Q 52. h8=Q Qf1+
53. Ke3 Qe2+ 54. Kf4 Qg4+ 55. Ke5 Qxg3+ 56. Kxf5 Bd3+ 57. Ke6 Qg6+ 58. Ke5 Qe4+
59. Kd6 Qd5+ 60. Ke7 Qe5+ 61. Kd8 c5 62. Qh6 Qd4+ 63. Kc7 Qc3 64. Qg5 c4 65.
Ne6 Bc2 66. Nc5 Qd4 67. Kb6 c3 68. Kb5 Bd3+ 69. Ka5 c2 70. Na4+ Kb1 71. Qe7
Qd5+ 72. Nc5 c1=Q 73. Kb6 Qg1 74. Qf8 Qg6+ 75. Ka5 Qa2+ 76. Na4 Qa6+ 77. Kb4
Q2xa4+ 0-1

[Event "I Open La Piazzetta"]
[Site "Casalpusterlengo ITA"]
[Date "2014.10.05"]
[Round "4"]
[White "Bongiorni, Gabriele"]
[Black "Nordio, Giorgio"]
[WhiteElo "1800"]
[BlackElo "1718"]
[Result "1-0"]
[PlyCount "55"]
[EventDate "2014.10.03"]

1. d4 c6 2. c4 d5 3. Nf3 Nf6 4. e3 Bf5 5. Nc3 e6 6. Bd3 Bxd3 7. Qxd3 dxc4 8.
Qxc4 Nbd7 9. O-O Be7 10. Bd2 O-O 11. Rac1 Rc8 12. Qe2 Bd6 13. Rfd1 Qe7 14. e4
e5 15. Bg5 exd4 16. Nxd4 Bc5 17. Nf5 Qe6 18. Qf3 Ne5 19. Qg3 Ng6 20. Bxf6 Qxf6
21. Na4 Bb6 22. Nxb6 axb6 23. h4 Ne7 24. Rd7 Nxf5 25. exf5 Qxb2 26. Rcd1 Qxa2
27. f6 Qb2 28. Qxg7# 1-0

[Event "I Open La Piazzetta"]
[Site "Casalpusterlengo ITA"]
[Date "2014.10.05"]
[Round "4"]
[White "Egli, Urs"]
[Black "Speciale, Francesco"]
[WhiteElo "1957"]
[BlackElo "1871"]
[Result "1-0"]
[PlyCount "51"]
[EventDate "2014.10.03"]

1. e4 e6 2. d3 c5 3. Nf3 Nc6 4. g3 g6 5. Bg2 Bg7 6. O-O d6 7. Nc3 Nge7 8. Be3
Rb8 9. d4 c4 10. d5 exd5 11. exd5 Ne5 12. Nxe5 Bxe5 13. Bxa7 Ra8 14. Bd4 f6 15.
f4 Bxd4+ 16. Qxd4 O-O 17. Rfe1 Nf5 18. Qf2 Bd7 19. g4 Nh6 20. h3 f5 21. g5 Nf7
22. Re6 Bxe6 23. dxe6 Nxg5 24. fxg5 Qxg5 25. Re1 Rfe8 26. Qd4 1-0

[Event "I Open La Piazzetta"]
[Site "Casalpusterlengo ITA"]
[Date "2014.10.05"]
[Round "4"]
[White "Falsetti, Paolo"]
[Black "Marchesotti, Giovanni"]
[WhiteElo "1886"]
[BlackElo "1462"]
[Result "1-0"]
[PlyCount "65"]
[EventDate "2014.10.03"]

1. e4 c6 2. d4 d5 3. Bd3 dxe4 4. Bxe4 Nf6 5. Bf3 Bf5 6. c4 e6 7. a3 Be7 8. Nc3
h6 9. Nge2 Nbd7 10. Ng3 Bh7 11. O-O O-O 12. Bf4 Nb6 13. b3 g5 14. Be3 Nfd7 15.
Re1 Re8 16. Bh5 Nf8 17. Nge4 Bg6 18. h4 f5 19. Bxg6 Nxg6 20. hxg5 hxg5 21. Qh5
Kg7 22. Nxg5 Bxg5 23. Bxg5 Rh8 24. Qxg6+ Kxg6 25. Bxd8 Raxd8 26. Rxe6+ Kg5 27.
Rd1 Rh4 28. Ne2 Nc8 29. g3 Re4 30. Rxe4 fxe4 31. Nc3 Kf5 32. Kg2 Re8 33. d5 1-0

[Event "I Open La Piazzetta"]
[Site "Casalpusterlengo ITA"]
[Date "2014.10.05"]
[Round "4"]
[White "Guasconi, Lelio"]
[Black "Andolfatto, Maria"]
[WhiteElo "1618"]
[BlackElo "1715"]
[Result "1/2-1/2"]
[PlyCount "59"]
[EventDate "2014.10.03"]

1. d4 d5 2. Bf4 Nf6 3. e3 e6 4. a3 Nbd7 5. Nf3 b6 6. Bd3 Be7 7. Nbd2 O-O 8. O-O
Bb7 9. c3 c5 10. Ne5 Ne4 11. f3 Nxd2 12. Qxd2 Nxe5 13. Bxe5 Qc8 14. Qf2 Ba6 15.
Bxa6 Qxa6 16. h4 f6 17. Bg3 Qc8 18. Bh2 Qe8 19. Kh1 Qd8 20. Rg1 Kf7 21. g3 Rc8
22. Qc2 g6 23. Qe2 Re8 24. Rad1 Bd6 25. f4 f5 26. Qf2 Qf6 27. Rg2 c4 28. Re1
Re7 29. Rf1 Rf8 30. Kg1 1/2-1/2

[Event "I Open La Piazzetta"]
[Site "Casalpusterlengo ITA"]
[Date "2014.10.05"]
[Round "4"]
[White "Maraschi, Alberto"]
[Black "Raimondi, Celso"]
[WhiteElo "1339"]
[BlackElo "1643"]
[Result "0-1"]
[PlyCount "120"]
[EventDate "2014.10.03"]

1. e4 c5 2. Nf3 e6 3. d4 cxd4 4. Nxd4 a6 5. Bd3 d6 6. O-O Nf6 7. Nc3 Be7 8. Be3
O-O 9. a3 b5 10. b4 Bb7 11. Nb3 Nc6 12. Ne2 Rc8 13. Ned4 Ne5 14. f3 Nc4 15.
Bxc4 Rxc4 16. Na5 Rc7 17. Ndb3 Qc8 18. Rc1 Ba8 19. Qd3 Nd7 20. c4 Ne5 21. Qe2
Nxc4 22. Nxc4 Rxc4 23. Na5 Rxc1 24. Rxc1 Qd7 25. f4 Bxe4 26. Bd4 d5 27. Qg4 Bg6
28. Rf1 f5 29. Qe2 Bf6 30. Bc5 Rc8 31. Re1 Bf7 32. g4 fxg4 33. Qxg4 d4 34. Rd1
d3 35. Nb3 Bg6 36. Qf3 Bb2 37. Nd2 Bxa3 38. Ra1 Bxb4 39. Bxb4 Qd4+ 40. Kg2 Qxa1
41. Qb7 Qc1 42. Qd7 Qc6+ 43. Qxc6 Rxc6 44. Kf2 Rc8 45. Ke3 Ra8 46. Nb3 Bf5 47.
Ba5 Rc8 48. Nd4 Rc1 49. Bd2 Rh1 50. Nc6 Rxh2 51. Nb8 Re2+ 52. Kd4 Rxd2 53. Nxa6
Ra2 54. Nb4 Ra4 55. Kc3 Rxb4 56. Kxb4 d2 57. Kxb5 d1=Q 58. Kc5 Qd5+ 59. Kb4 Bd3
60. Kc3 Qc4+ 0-1

[Event "I Open La Piazzetta"]
[Site "Casalpusterlengo ITA"]
[Date "2014.10.05"]
[Round "4"]
[White "Marzatico, Luca"]
[Black "Tagliaferri, Valerio"]
[WhiteElo "1738"]
[BlackElo "1875"]
[Result "1-0"]
[PlyCount "93"]
[EventDate "2014.10.03"]

1. e4 c5 2. Nf3 Nc6 3. Bb5 e6 4. O-O Nge7 5. d4 cxd4 6. Nxd4 Nxd4 7. Qxd4 Nc6
8. Qe3 a6 9. Bd3 d6 10. f4 Nb4 11. Bd2 Nxd3 12. cxd3 Bd7 13. Nc3 Be7 14. Kh1
Rc8 15. Qg3 g6 16. Be3 Bh4 17. Qg4 h5 18. Qe2 Bf6 19. e5 Bg7 20. Ne4 dxe5 21.
Nd6+ Ke7 22. Nxb7 Qe8 23. Bc5+ Rxc5 24. Nxc5 exf4 25. Rxf4 Bc8 26. Raf1 f5 27.
Re1 Qc6 28. Rc4 Qd6 29. Qe3 Kf7 30. Rf1 Bh6 31. Ne4 Qe7 32. Qb6 Rd8 33. Rxc8
Rxc8 34. Nd6+ Kf6 35. Nxc8 Qd7 36. Qxa6 Be3 37. Qc4 e5 38. b4 g5 39. Qa6+ Kg7
40. a4 h4 41. h3 f4 42. Nd6 g4 43. Qb7 Qxb7 44. Nxb7 gxh3 45. gxh3 Kf6 46. Kg2
Ke6 47. Kf3 1-0

[Event "I Open La Piazzetta"]
[Site "Casalpusterlengo ITA"]
[Date "2014.10.05"]
[Round "4"]
[White "Poletti, Guido"]
[Black "Losi, Paolo"]
[WhiteElo "1541"]
[BlackElo "1705"]
[Result "0-1"]
[PlyCount "44"]
[EventDate "2014.10.03"]

1. Nf3 Nf6 2. d3 g6 3. c4 Bg7 4. h3 c5 5. g4 d6 6. Bg2 Nc6 7. Nc3 a6 8. Nd2 O-O
9. e3 e6 10. Nce4 Nxe4 11. Bxe4 d5 12. Bg2 Nb4 13. Qe2 Nc2+ 14. Kf1 Nxa1 15.
cxd5 exd5 16. Nb3 Nxb3 17. axb3 Be6 18. e4 dxe4 19. Bxe4 Bd5 20. Qf3 Bxe4 21.
dxe4 Qd7 22. Kg2 Rad8 0-1

[Event "I Open La Piazzetta"]
[Site "Casalpusterlengo ITA"]
[Date "2014.10.05"]
[Round "4"]
[White "Tirelli, Mauro"]
[Black "Ferrari, Claudio"]
[WhiteElo "2098"]
[BlackElo "1948"]
[Result "0-1"]
[PlyCount "54"]
[EventDate "2014.10.03"]

1. d4 d5 2. c4 e5 3. dxe5 d4 4. Nf3 Nc6 5. a3 Nge7 6. b4 Ng6 7. Bb2 a5 8. b5
Ncxe5 9. Nxe5 Nxe5 10. e3 Bg4 11. Qxd4 Qxd4 12. Bxd4 f6 13. f4 Nd7 14. Bd3 Nc5
15. Bc2 Bd6 16. h3 Be6 17. Nd2 O-O 18. O-O Rad8 19. Bc3 b6 20. Rf3 Rfe8 21. Rg3
Be7 22. e4 Rd7 23. Kf2 Red8 24. Ke2 Bf7 25. Re3 Ne6 26. g3 Bc5 27. Rf3 Rxd2+
0-1

[Event "I Open La Piazzetta"]
[Site "Casalpusterlengo ITA"]
[Date "2014.10.05"]
[Round "4"]
[White "Trifoni, Giorgio"]
[Black "Giuria, Abramo"]
[WhiteElo "1682"]
[BlackElo "1714"]
[Result "0-1"]
[PlyCount "126"]
[EventDate "2014.10.03"]

1. Nf3 d5 2. c4 c6 3. d4 Nf6 4. Nc3 e6 5. b3 Nbd7 6. Bb2 Bd6 7. c5 Bc7 8. b4 e5
9. dxe5 Nxe5 10. Nxe5 Bxe5 11. Qc2 Qe7 12. e3 d4 13. exd4 Bxd4+ 14. Be2 Bg4 15.
O-O O-O 16. Bxg4 Nxg4 17. Rae1 Qh4 18. h3 Be5 19. Re4 f5 20. Rc4 Qh5 21. Ne2
Bc7 22. Nf4 Bxf4 23. Rxf4 Nh6 24. Qc3 Qg6 25. Re1 Rae8 26. Re5 Rxe5 27. Qxe5
Re8 28. Qc3 Qf6 29. Qd2 Qe6 30. Kh2 Qxa2 31. Qc3 Qf7 32. g4 Re4 33. Rf3 Qc7+
34. Kg2 fxg4 35. Qb3+ Nf7 36. hxg4 Rxg4+ 37. Kh3 Rg6 38. Re3 Kf8 39. Rf3 Kg8
40. Re3 Qd7+ 41. Kh2 h6 42. Qc2 Rg5 43. Qe4 Rg4 44. Qe8+ Qxe8 45. Rxe8+ Kh7 46.
Bc3 Rc4 47. Be1 Ng5 48. Kg2 Re4 49. Rxe4 Nxe4 50. f3 Nf6 51. Kg3 g5 52. Bd2 Kg6
53. Kh3 h5 54. f4 g4+ 55. Kh4 Kf5 56. Bc1 Nd5 57. Kxh5 Nxb4 58. Kh4 Nd3 59. Be3
Nxf4 60. Kg3 Nd5 61. Bd2 Nf6 62. Be3 Nd7 63. Bf2 Ke4 0-1

[Event "I Open La Piazzetta"]
[Site "Casalpusterlengo ITA"]
[Date "2014.10.05"]
[Round "4"]
[White "Vecchio, Paolo L."]
[Black "Folcini, Gaddo"]
[WhiteElo "1429"]
[BlackElo "1614"]
[Result "0-1"]
[PlyCount "66"]
[EventDate "2014.10.03"]

1. Nf3 e5 2. e4 d5 3. exd5 e4 4. Qe2 Nf6 5. h3 Be7 6. Ng1 O-O 7. c4 c6 8. Nc3
cxd5 9. Nxd5 Nxd5 10. Qxe4 Nf6 11. Qc2 Nc6 12. Ne2 Nd4 13. Nxd4 Qxd4 14. Qd3
Qb6 15. Qb3 Qc6 16. d3 Bc5 17. f3 Qd6 18. Qc2 Re8+ 19. Kd1 Bf5 20. Bd2 Rad8 21.
a3 Be3 22. Kc1 Qg3 23. b3 b5 24. Kb2 bxc4 25. bxc4 Rb8+ 26. Ka2 Qf2 27. Rd1 Bd4
28. Rb1 Rxb1 29. Kxb1 Rb8+ 30. Bb4 Qe1+ 31. Ka2 Qa1+ 32. Kb3 a5 33. Qa2 a4+ 0-1

[Event "I Open La Piazzetta"]
[Site "Casalpusterlengo ITA"]
[Date "2014.10.05"]
[Round "5"]
[White "Andolfatto, Maria"]
[Black "Tagliaferri, Valerio"]
[WhiteElo "1715"]
[BlackElo "1875"]
[Result "1/2-1/2"]
[PlyCount "74"]
[EventDate "2014.10.03"]

1. Nf3 Nf6 2. g3 b6 3. Bg2 Bb7 4. O-O e6 5. d3 c5 6. c4 Be7 7. b3 O-O 8. Bb2 d5
9. e3 Nbd7 10. Nbd2 Rc8 11. Rc1 Re8 12. d4 Rc7 13. Qe2 Qa8 14. Rfd1 Rec8 15.
Qf1 dxc4 16. bxc4 cxd4 17. exd4 Ne4 18. Nxe4 Bxe4 19. Nd2 Bxg2 20. Qxg2 Qxg2+
21. Kxg2 Bg5 22. f4 Be7 23. a3 Bf6 24. Kf3 Nc5 25. dxc5 Bxb2 26. cxb6 Bxc1 27.
bxc7 Bxa3 28. Ra1 Bc5 29. Ne4 Rxc7 30. Nxc5 Rxc5 31. Rxa7 Kf8 32. Ra4 Ke7 33.
Ke4 Rc7 34. h3 h5 35. g4 hxg4 36. hxg4 f6 37. Ke3 Kd7 1/2-1/2

[Event "I Open La Piazzetta"]
[Site "Casalpusterlengo ITA"]
[Date "2014.10.05"]
[Round "5"]
[White "Carrai, Giacomo"]
[Black "Raimondi, Celso"]
[WhiteElo "1755"]
[BlackElo "1643"]
[Result "1-0"]
[PlyCount "129"]
[EventDate "2014.10.03"]

1. Nf3 Nf6 2. c4 g6 3. d4 Bg7 4. Nc3 O-O 5. e4 d6 6. Be2 Nc6 7. d5 Nb8 8. Be3
Ng4 9. Bd4 Bxd4 10. Qxd4 e5 11. dxe6 Bxe6 12. O-O Nc6 13. Qd2 Nge5 14. b3 Nxf3+
15. Bxf3 Ne5 16. Be2 a6 17. Rac1 Nc6 18. Nd5 a5 19. a3 Ne5 20. Qc3 c6 21. Ne3
Qe7 22. f4 Nd7 23. f5 gxf5 24. exf5 Bxc4 25. bxc4 f6 26. Bh5 Ne5 27. Rce1 Qg7
28. Qd4 Kh8 29. Re2 Rad8 30. Kh1 Rg8 31. Rb2 Rd7 32. g3 Qg5 33. Be2 Qh6 34. Qf4
Qg7 35. Rfb1 Qe7 36. Bf1 d5 37. cxd5 cxd5 38. Nc2 Rg4 39. Qf2 d4 40. Qg2 Nc6
41. Re1 Ne5 42. Bd3 Qd6 43. Rd1 Rgg7 44. Bb5 Rd8 45. Rxd4 Qc7 46. Rxd8+ Qxd8
47. Ne3 Qd4 48. Nf1 Qa7 49. Rd2 Rg8 50. a4 Ng4 51. h3 Ne5 52. Rd6 Rf8 53. Qg1
Qa8 54. Qb6 Kg8 55. Nd2 Qc8 56. Nf1 Qc3 57. Qe3 Qc7 58. Re6 Nc4 59. Qc3 Rc8 60.
Qxf6 Qc5 61. Re7 Qd5+ 62. Kg1 Qc5+ 63. Kg2 Qd5+ 64. Kf2 Qc5+ 65. Ne3 1-0

[Event "I Open La Piazzetta"]
[Site "Casalpusterlengo ITA"]
[Date "2014.10.05"]
[Round "5"]
[White "Ferrari, Claudio"]
[Black "Marzatico, Luca"]
[WhiteElo "1948"]
[BlackElo "1738"]
[Result "1/2-1/2"]
[PlyCount "79"]
[EventDate "2014.10.03"]

1. e4 e5 2. Nf3 Nc6 3. Bc4 Nf6 4. Ng5 d5 5. exd5 Nd4 6. c3 Nf5 7. d4 exd4 8.
O-O Be7 9. Nxf7 Kxf7 10. d6+ Kf8 11. dxe7+ Qxe7 12. cxd4 g6 13. Nc3 Kg7 14. Bg5
Qd6 15. Qd2 Re8 16. Nb5 Qb6 17. Bf4 Nd6 18. Nxd6 cxd6 19. Rfe1 Bf5 20. Bh6+ Kh8
21. Bg5 Kg7 22. Rad1 h5 23. f3 Qc6 24. Bd3 Bxd3 25. Bxf6+ Kxf6 26. Qxd3 Rxe1+
27. Rxe1 Re8 28. Rxe8 Qxe8 29. Kf2 Qc6 30. Qc3 Qd5 31. b3 a6 32. Qc4 Qa5 33.
Qc2 Qb4 34. Qd3 Qa5 35. a4 b5 36. axb5 axb5 37. d5 Qb6+ 38. Kf1 Qc5 39. g3 b4
40. h4 1/2-1/2

[Event "I Open La Piazzetta"]
[Site "Casalpusterlengo ITA"]
[Date "2014.10.05"]
[Round "5"]
[White "Folcini, Gaddo"]
[Black "Falsetti, Paolo"]
[WhiteElo "1614"]
[BlackElo "1886"]
[Result "0-1"]
[PlyCount "46"]
[EventDate "2014.10.03"]

1. e4 c5 2. d4 cxd4 3. c3 d5 4. Qxd4 Nf6 5. e5 Nc6 6. Bb5 Ng8 7. Nf3 e6 8. O-O
Bd7 9. Bxc6 bxc6 10. Bg5 Qb6 11. Qg4 Qxb2 12. Nbd2 Qxc3 13. Rab1 Qc2 14. Rfc1
Qg6 15. Qa4 f6 16. exf6 gxf6 17. Rxc6 Ne7 18. Nd4 fxg5 19. Re1 Nxc6 20. Nxe6
Kf7 21. Nc7 Qf5 22. Nxa8 Bc5 23. Nf3 Rxa8 0-1

[Event "I Open La Piazzetta"]
[Site "Casalpusterlengo ITA"]
[Date "2014.10.05"]
[Round "5"]
[White "Giuria, Abramo"]
[Black "Egli, Urs"]
[WhiteElo "1714"]
[BlackElo "1957"]
[Result "0-1"]
[PlyCount "86"]
[EventDate "2014.10.03"]

1. e4 e5 2. Nf3 Nc6 3. Bc4 Nf6 4. Ng5 Bc5 5. d3 O-O 6. O-O d6 7. h3 Na5 8.
Bxf7+ Rxf7 9. Nxf7 Kxf7 10. b4 Bxb4 11. c3 Bc5 12. Bg5 Nc6 13. Kh1 h6 14. Bh4
g5 15. Bg3 Kg7 16. Nd2 Qe8 17. Nb3 Qh5 18. Nxc5 Qxd1 19. Raxd1 dxc5 20. f3 Be6
21. a3 Rd8 22. Bf2 b6 23. Kh2 Nh7 24. g3 Nf8 25. Be3 Bb3 26. Rd2 Ne6 27. Kg2 a5
28. Kf2 a4 29. Rh1 c4 30. dxc4 Rxd2+ 31. Bxd2 Bxc4 32. Be3 Na7 33. Bc1 Nb5 34.
Bb2 Nc5 35. Bc1 Nd3+ 36. Ke3 Nxc1 37. Rxc1 Nxa3 38. f4 exf4+ 39. gxf4 gxf4+ 40.
Kxf4 Bb3 41. e5 Nc2 42. Rd1 a3 43. Rd7+ Kg6 0-1